| 000 | 01518nam0a2200313 4500 | ||
|---|---|---|---|
| 001 | RU\NLR\bibl\258578 | ||
| 005 | 20250620125235.0 | ||
| 021 |
_aRU _b2000-26424п _9955 |
||
| 035 | _a(NLR Aleph) 000254310 | ||
| 090 |
_a1484468 _c1484468 |
||
| 100 | _a20020429d2000 |||y0rusy50 ca | ||
| 101 | 0 |
_arus _erus _eeng |
|
| 102 | _aRU | ||
| 105 | _aa ||||||||| | ||
| 200 | 1 |
_aМедицинская информатика _eК 15-летию Гл. н.-и. ВЦ _e[Сб. ст.] |
|
| 210 |
_aМ. _cМед. центр Упр. делами Президента Рос. Федерации _d2000 |
||
| 215 |
_a108 с. _cил., цв. ил. _d29 |
||
| 225 | 1 |
_aКремлевская медицина. Клинический вестник _eЕжекварт. науч.-практ. журн. _v4: Темат. вып. |
|
| 320 | _aБиблиогр. в конце ст. | ||
| 601 | 0 | 2 |
_aКремлевская клиническая больница _bГлавный научно-исследовательский вычислительный центр _jСборники _92242773 _3RU\NLR\auth\661345678 |
| 606 | 0 |
_aИнформационные системы в медицине _jСборники _91194616 _3RU\NLR\auth\66482650 |
|
| 606 | 0 |
_aМедицина _jСборники _xИнформационные системы _92080555 _3RU\NLR\auth\661256495 |
|
| 686 | _aР.ф.я43 | ||
| 801 | 0 |
_aRU _bNLR _c20020429 _gPSBO |
|
| 801 | 1 |
_aRU _bNLR _c20020429 |
|
| 852 |
_aNLR _jП17/464 |
||
| 942 | _cBOOK | ||
| 980 | _aNB | ||